000 00515nam a2200205 4500
003 SEACOMMC
005 20231018105349.0
008 231018b |||||||| |||| 00| 0 eng d
020 _cRs. 450.00
040 _aSEACOMMC
082 _a621.381
_bHOR
100 1 _aHorowitz,Paul
245 1 4 _aThe Art Of Electronics
_cPaul Horowitz and Hill,Wimfield
250 _a2nd ed.
260 _aCambridge
_bCambridge
_c2004
650 _aEngineering
650 _aElectronics
700 1 _aHill, Wimfield
942 _cBOOK
999 _c269
_d269